Statistics for Countries Ending in 'stan'

Click here to take the quiz!

General Stats

  • This quiz has been taken 390 times
  • The average score is 6 of 7

Answer Stats

Country% Correct
Pakistan
96%
Uzbekistan
95%
Afghanistan
94%
Turkmenistan
93%
Kazakhstan
88%
Kyrgyzstan
86%
Tajikistan
84%

Score Distribution

Percentile by Number Answered

Percent of People with Each Score

Your Score History

You have not taken this quiz